Countries Where Lewis Hamilton Has Won Grand Prix - Statistics

General Stats
  • This quiz has been taken 393 times
  • The average score is 19 of 23
Answer Stats
Wins Answer % Correct
5 Italy
91%
6 USA
91%
3 Spain
90%
5 UK
90%
5 China
89%
4 Germany
89%
2 Australia
88%
1 France
88%
1 Brazil
87%
6 Canada
87%
5 Japan
86%
1 Mexico
85%
6 Hungary
84%
3 Belgium
82%
2 Bahrain
81%
1 Austria
80%
2 Monaco
79%
4 Singapore
79%
3 Russia
77%
1 Malaysia
72%
3 UAE
67%
1 Azerbaijan
64%
1 Turkey
64%
No matching quizzes found
Score Distribution
Percent of People with Each Score
Percentile by Number Answered
Your Score History
You have not taken this quiz